Datum a čas kvízu
19
Celkem bodů
Celkový počet nahraných bodů na tomto kvízu bez doplňovacích otázek.
13.
Pořadí na kvízu
Konečné umístění týmu na tomto kvízu.
Zaznamenané odpovědi
| # | Otázka | Odpověď | Body | Výsledky |
|---|---|---|---|---|
| 1. | Minulý týden se rozhodlo o kon... | rumové pralinky | 0 | |
| 2. | Co by chtěl podle svých slov z... | národní menu | 0 | |
| 3. | Jak se jmenuje tento americký... | Patrick Dempsey | 0 | |
| 4. | Ostravský rodák Karel Orlita,... | exorcistů (vymítačů ďábla). | 0 | |
| 5. | Nejdřív ne, nakonec ano... Kte... | Tomáš Čvančara | 0 | |
| 6. | Fiktivní věda může být ta, kte... | warp | 0 | |
| 7. | Od konce 19. století už je pře... | éter | 0 | |
| 8. | Někdy se stává, že z těžko pře... | Jules Verne | 1 | |
| 9. | V seriálu Simpsonovi, konkrétn... | frenologie | 0 | |
| 10. | Nemůžeme opomenout Járu Cimrma... | dvoudílné plavky | 1 |